000
00310nam a22001457a 4500
008
210224b ||||| |||| 00| 0 eng d
020
_a
2900534556579
041
_a
eng
080
_a
101
082
_a
101
100
_a
24
101
_a
FIL
245
_a
How should we live?
_c
Pojman, L.P
942
_2
udc
_c
BK
999
_c
55137
_d
55137